000 00396nam a22001697a 4500
003 MPLRDC
005 20220104125638.0
008 210129b ||||| |||| 00| 0 eng d
082 _a859.6 DYCB v.9
100 _a孙幼军写; 田原画
245 _a小贝流浪记
_c
250 _a初版
260 _a
_b东阳出版社
_c1987
300 _b
650 _a
942 _cBK
_o859.6 DYCB v.9
999 _c29010
_d29000